Quizzes
Events
Quiz Creation
Community
Videos
Private Events
Remove Ads
Sign In
Join for FREE
Feedback
Dark Mode
Quiz Categories
Sports
Geography
Music
Movies
Television
Just For Fun
Miscellaneous
History
Literature
Language
Science
Gaming
Entertainment
Religion
Holiday
For Kids
Quiz Lab
Recent
Popular Today
Quiz Kudos Today
Editor Picks
Curator Picks
Quizzes by...
Day
Popularity
Type
Ratings
Length
Year
Community
Subscriptions
Recent Discussions
Orange Saloon
Badges
Playlists
Quests
Create
Leaderboards
Showdown
Live 5
Trivia Bingo
Activity
Puzzle Library
Sporcle Events
Private Events
Virtual Trivia
Globe League
Become a Host
Pub Owners
SporcleCon
Opinionation
Our Games
Videos
Blog
Mobile Apps
Partnerships
Remove Ads and Go Orange
Feedback
Geography
Country
Landmarks
City
State
Population
World
Capital
Continent
Flags
Europe
Africa
Asia
South America
North America
Oceania
Border
Canada
United Kingdom
Topography
United States
Geography
Country
Landmarks
City
State
Population
World
Capital
Continent
Flags
Europe
Africa
Asia
South America
North America
Oceania
Border
Canada
United Kingdom
Topography
United States
Random Quiz
Search Sporcle
×
Quiz Lab
Quiz Lab
Geography
holland
Type in answers that appear in a list
Type in answers that appear in a list
Classic
Best Score? Go Orange.
South Holland biggest municipalities Stats
Can you name the biggest municipalities of the Dutch province of South Holland?
By
Andiyan
7m
40 Questions
370 Plays
370 Plays
370 Plays
Comments
Comments
Give Quiz Kudos
Give Quiz Kudos
-
- Ratings
hide this ad
More Info
Replay
Link that replays current quiz
Next Quiz
Link to next quiz in quiz playlist
You Got
0%
They Got
Avg Score
47%
Avg Friend Score
Upgrade to see
Score Distribution
Jump to the score distribution portion of the page
Score
0/40
Timer
07:00
0
Plays Today
#
Municipality
% Correct
1
Rotterdam
98.9%
2
's-Gravenhage
98.6%
5
Leiden
90.8%
7
Delft
84.6%
4
Dordrecht
82.4%
3
Zoetermeer
81.4%
12
Gouda
79.7%
8
Schiedam
71.1%
11
Alphen aan den Rijn
66.2%
15
Katwijk
60.5%
13
Vlaardingen
57.6%
14
Capelle aan den IJssel
55.9%
19
Barendrecht
54.1%
9
Leidschendam-Voorburg
52.2%
17
Rijswijk
51.4%
10
Spijkenisse
50.8%
35
Noordwijk
50.5%
31
Wassenaar
50.3%
6
Westland
48.6%
21
Zwijndrecht
46.8%
#
Municipality
% Correct
24
Gorinchem
46.8%
26
Maassluis
43%
25
Papendrecht
40.3%
30
Leiderdorp
39.7%
36
Sliedrecht
39.7%
20
Ridderkerk
38.1%
18
Pijnacker-Nootdorp
37.3%
16
Lansingerland
32.2%
27
Krimpen aan den IJssel
30.8%
40
Oegstgeest
30.5%
38
Voorschoten
30.3%
33
Waddinxveen
29.5%
22
Hellevoetsluis
29.2%
32
Hendrik-Ido-Ambacht
24.9%
37
Oud-Beijerland
24.3%
23
Teylingen
21.1%
39
Albrandswaard
15.4%
29
Nieuwkoop
12.7%
34
Kaag en Braassem
9.5%
28
Binnenmaas
7.3%
Quiz Playlist
Details
Report
Send in Message
Add To Playlist
More Info:
*The name of the largest city of a municipality is also accepted, if they have different names
Classic:
Type in answers that appear in a list
Quiz Source
Last Updated: Feb 16, 2017
Quiz Scoreboard
CHALLENGE
Sign Up to Join the Scoreboard
Show All
Scores
Hide
Comments
May contain spoilers
Recently Published
Presidents Visiting Landmarks
by Hejman
History
7m
An Introduction to Baseball
by treessimontrees
Sports
5m
Movies - When Are They Set?
by FPL_Elf
Movies
5m
More to Explore
Quiz From the Vault
Featured Blog Post
Where Did the Easter Bunny Come From?
hide this ad
You Might Also Like...
Tags
biggest
dutch
holland
Inhabitant
Municipality
Province
south
South Holland
Today's Top Quizzes in Geography
Browse Geography
hide this ad
Today's Top Quizzes in holland
Browse holland
Top Contributed Quizzes in Geography
1
Countries of the World - No Outlines Minefield
2
Top 25 Cities of France on a map
3
Any capital of a 'B' country per Continent
4
Closest Countries to UK A-Z
5
One Thing in Common: United Kingdom
6
Any capital of a 'C' country per Continent
7
Find the Provinces of Canada - No Outlines Minefield
8
Any capital of a 'D' country per Continent
9
Find the US States - No Outlines
10
Blind Secret Country CLXXXVIII
Explore More
Trending Topics
Kpop
Disney
Crossword
Anime
NBA
Harry Potter
Marvel
Puzzle
Country
NFL
Pokémon
The Office
Song
Soccer
WWE
hide this ad
More By:
Andiyan
Quiz
Plays
Rating
Category
Featured
Created
North Holland Railwaystations
462
5.00
Geography
Jan 7, 2010
South Holland biggest municipalities
370
4.75
Geography
Jan 7, 2010
Go to Creator's Profile
Score Distribution
Quiz Creator Spotlight
Andiyan
Follow
Send a Message
Quizzes Created
-
Created Quiz Play Count
-
More By This Creator
Popular Quizzes Today
1
Find the Countries of Europe - No Outlines Minefield
2
Find the US States - No Outlines Minefield
3
The Countries of the World
4
Popular People in 1961
5
Find the US States
6
US States
7
1-10 Letter E Words III
8
Risky Map Clicking: Biggest States A-Z
More Geography Quizzes
Top 20 Cities in Mongolia
Quiz Lab
Trending Quizzes
Risky Map Clicking: Least Populous States A-Z
1-10 Letter F Words
1-10 Letter G Words
One Thing in Common: United Kingdom
Risky Map Clicking: Next State Alphabetically
Recently Updated
Leaping Animals
pecheneg
Reality TV Shows (A-Z)
bhenderson79
Rickey Henderson's Hall of Fame Teammates
pecheneg
Champions League XIs: Arsenal
pecheneg
Quick Pick: Celebrities in WWE's Hall of Fame
aduchscher
A-Z Keypad Blitz II
pecheneg
Multiple Oscar Actors
pecheneg
Mystery Phrase Blitz: Oscar 'Best Actors'
pecheneg
F. Scott Fitzgerald Novels
LTH
Pick 3 Villains
ddd62291
Trending Topics
Kpop
Harry Potter
Crossword
Anime
Disney
Marvel
NBA
NFL
The Office
Puzzle
Soccer
WWE
Country
Pokémon
Song
Your Account Isn't Verified!
In order to create a playlist on Sporcle, you need to verify the email address you used during registration. Go to your
Sporcle Settings
to finish the process.
Report this User
Report this user for behavior that violates our
Community Guidelines
.
Details:
Send Report
Go to the Sporcle.com Mobile Site →
Comments